Brisbane Bears Theme Song - Statistics

General Stats
  • This quiz has been taken 42 times
  • The average score is 149 of 274
Answer Stats
Answer % Correct
a
100%
we
93%
We
93%
the
90%
Brisbane
86%
be
79%
bear
79%
to
72%
Bears
69%
bears
69%
we're
62%
We're
62%
when
62%
beat
59%
dare
59%
Dare
59%
are
55%
mighty
55%
our
55%
Our
55%
out
52%
team
52%
do
48%
ever
48%
home
48%
play
48%
Queensland
48%
say
48%
seen
48%
What
48%
what
48%
win
48%
best
45%
in
45%
is
45%
run
45%
very
45%
hear
41%
strong
41%
tough
41%
you've
41%
and
38%
mean
38%
of
38%
fear
34%
here
34%
on
34%
way
34%
beware
31%
Beware
31%
good
31%
hot
31%
for
28%
going
28%
how
28%
keen
28%
no
28%
that
28%
will
28%
doubt
24%
em
24%
great
24%
know
24%
shade
24%
shout
24%
state
24%
game
21%
let
21%
playing
21%
their
21%
there
21%
won't
21%
before
17%
every
17%
growl
17%
knock
17%
sense
17%
we'll
17%
across
14%
Australia
14%
gonna
14%
land
14%
love
14%
read
14%
victories
14%
words
14%
around
10%
right
10%
No matching quizzes found
Score Distribution
Percent of People with Each Score
Percentile by Number Answered
Your Score History
You have not taken this quiz